000 00903nam a2200301 a 4500
001 53397
003 BD-RJUL
005 20211209075944.0
008 161006s1968 nyua b 000 0 eng
035 _aBD-RJUL 53517
035 _a(OCoLC)00545383
035 _aGLIS00277284
040 _aDLC
_cDLC
_dMYG
_beng
041 _aeng
082 _223
_a541.224
_bROB 1968
090 _aQD461
_b.R891
099 _aQD461.R891
100 1 _aRoyer, Donald J.
_q(Donald Jack)
_9159592
245 1 0 _aBonding theory /
_c[by] Donald J. Royer.
260 _aNew York :
_bMcGraw-Hill,
_c[1968]
300 _aix, 275 p. :
_bill. ;
_c23 cm.
490 1 _aMcGraw-Hill series in undergraduate chemistry
504 _aIncludes bibliographies.
650 0 _aChemical bonds.
_9159593
830 0 _aMcGraw-Hill series in undergraduate chemistry.
_9159594
942 _2ddc
_cBK
949 _aMYGS
_b39080003993943
999 _c53397
_d53397